000 00547nam a2200181Ia 4500
008 240729s9999 xx 000 0 und d
022 _a2716-358X
245 0 _aJurnal Psikiatri Surabaya
260 _aIndonesia
260 _bUniversitas Airlangga
650 _a Internal medicine
650 _a Neurosciences. Biological psychiatry. Neuropsychiatry
650 _a Psychology | Medicine
650 _aPhilosophy. Psychology. Religion
856 _uhttps://doaj.org/toc/8742e62b69f44ace9dc01113d3adb957
942 _2ddc
942 _cDOAJEJ
999 _c73381
_d73381
945 _a1
_bMadushi Gamage
_c1
_dMadushi Gamage